000 00393nam a2200169Ia 4500
005 20250626031824.0
008 240331s9999 xx 000 0 und d
020 _a9559979845
082 _bJAY
_a361
100 _aJayasundara,L
245 0 _aManawa himikam vimasuma
260 _bAuthor Publishers
_c2007
300 _a60 p .,
650 _aMorality
650 _aHuman Rights
942 _cL
999 _c5261
_d5261